| 000 | 01025nam a22002657a 4500 | ||
|---|---|---|---|
| 999 |
_c15398 _d15398 |
||
| 003 | MIRAKIL | ||
| 005 | 20240214165023.0 | ||
| 008 | 240214b tu ||||| |||| 00| 0 tur d | ||
| 020 | _a9789756959954 | ||
| 040 |
_aTR-AnCHP _cTR-AnCHP |
||
| 041 | _aTürkçe | ||
| 041 | _aİngilizce | ||
| 082 |
_a739.27 _bB54c 2015 |
||
| 090 | _a739.27 B54c 2015 | ||
| 100 | _aBilgi, Hülya | ||
| 245 | 1 | 0 |
_aCevher Jewel = _bSadberk Hanım Müzesi koleksiyonundan mineli ve murassa eserler / _c[hazırlayan] Hülya Bilgi, İdil Zanbak |
| 246 | _aCevher Jewel : Enamelled and jewelled objects from the Sadberg Hanım Museum collection | ||
| 260 |
_aİstanbul : _bVehbi Koç Vakfı, _c2015. |
||
| 300 |
_a310 s. : _bfotoğ. ; _c26x28 cm. |
||
| 500 | _aDizin vardır Metin, Türkçe-İngilizce paralel ilerlemektedir. | ||
| 504 | _aKaynakça: 300-303. ss. | ||
| 650 | 0 |
_97546 _aMücevherler _xMüze koleksiyonları |
|
| 856 | _zDijital Nüshası için Partimizin Kütüphane Sorumlusu ile iletişime geçiniz. | ||
| 942 |
_2ddc _cBKS |
||